Zgadnij bajkę po kadrze #2 - Statystyki

Ogólne statystyki
  • Ten quiz został rozwiązany 59 razy
  • Średni wynik to 10 z 16
Statystyki odpowiedzi
Obrazkowy Odpowiedź % Poprawnych
Muminki
98%
Flinstonowie
96%
Scooby Doo
96%
Asterix i Obelix
89%
Kubuś Puchatek
89%
Tabaluga
87%
Było sobie życie
85%
Miś Yogi
59%
Bracia Koala
56%
Lucky Luke
54%
Kacze Opowieści
50%
Jetsonowie
46%
Plastusiowy pamiętnik
39%
Pomysłowy Dobromir
37%
Simsala Grimm
7%
Bibi Blocksberg
4%
Nie znaleziono quizów pasujących do podanych kryteriów
Rozkład punktacji
Procent ludzi z każdym wynikiem
Percentyl według liczby udzielonych odpowiedzi
Twoja historia wyników
Nie rozwiązałeś tego quizu